Statistics for U.S. States by Coldest Recorded Temperature

Click here to take the quiz!

General Stats

  • This quiz has been taken 13,481 times
  • The average score is 7 of 10

Answer Stats

°C °F State % Correct
-62.1-79.8Alaska
94%
-51.1-60.0North Dakota
85%
-56.5-69.7Montana
84%
-50.8-59.4Minnesota
78%
-50.0-58.0South Dakota
74%
-51.1-60.0Idaho
72%
-51.7-61.0Colorado
67%
-52.8-63.0Wyoming
66%
-48.3-54.5Wisconsin
63%
-56.3-69.3Utah
50%

Score Distribution

Percentile by Number Answered

Percent of People with Each Score

Your Score History

You have not taken this quiz